| 000 | 00883pam a2200277 a 4500 | ||
|---|---|---|---|
| 008 | |||
| 020 | _a0875895921 (hbk. ) | ||
| 049 | _aMAIN | ||
| 090 | _aHD31 BOL | ||
| 100 | 0 | _aBolman, Lee G. | |
| 245 | 1 | 0 |
_aModern approaches to understanding and managing organizations / _cLee G. Bolman and Terrence E. Deal. |
| 260 |
_aSan Francisco : _bJossey-Bass, _c1984. |
||
| 300 |
_axx, 325 p. ; _c24 cm. |
||
| 440 | 4 | _aThe Jossey-Bass management series. | |
| 440 | 4 | _aThe Jossey-Bass social and behavioral science series. | |
| 504 | _aIncludes bibliographical references. | ||
| 500 | _aIncludes index. | ||
| 650 | 0 | _aManagement. | |
| 650 | 0 | _aOrganizational behavior. | |
| 700 | 0 | _aDeal, Terrence E. | |
| 907 |
_a.b10244049 _b14-05-07 _c11-05-07 |
||
| 003 | |||
| 005 | 20230123134444.0 | ||
| 040 | _cNUST | ||
| 942 |
_cBOOKS _kHD31 BOL |
||
| 999 |
_c166211 _d166211 |
||